• 首页
  • 本馆介绍
  • 公告通知
  • 最新文献
  • 馆藏检索
  • 电子资源
  • 读者导购
  • 参考咨询
  • 我的图书馆
  • 登录
  • 详细信息显示
  • 放入我的书架
  • 预约/预借图书
  • 作者相关作品
  • 分类相关作品
  • 丛书相关作品
  • 出版社相关作品

书目信息

  • 表格格式
  • 工作单格式
  • 卡片格式
题名:
不是宣告结束,而是以另一种形式存在
    
 
作者: 苏绚慧 著
分册:  
出版信息: 南京   译林出版社  2016
页数: 14,186页
开本: 22cm
丛书名:
单 册:
中图分类: B083
科图分类:
主题词: 生命哲学--Sheng Ming Zhe Xue
电子资源:
ISBN: 978-7-5447-6297-7
000 01171nam0 22002531 450
001 351233
005 20161011095754.53
010    @a978-7-5447-6297-7@dCNY32.00
100    @a20160616d2016 em y0chiy50 ea
101 0  @achi
102    @aCN@b320000
105    @ay z 000yy
106    @ar
200 1  @a不是宣告结束,而是以另一种形式存在@ABu Shi Xuan Gao Jie Shu Er Shi Yi Ling Yi Zhong Xing Shi Cun Zai@e放下生命@f苏绚慧著
210    @a南京@c译林出版社@d2016
215    @a14,186页@d22cm
314    @a苏绚慧,台北教育大学心理与咨询研究所硕士,现为马偕协谈中心心理咨询师,并在医院担任心理咨询师。已出版《于是,我可以说再见》、《让我缓缓放开你的手:走出丧恸》、《这人生本来就是苦》、《不是宣告结束,而是以另一种方式存在:放下生命》
330    @a本书收录了21篇故事,记录了作者与病人、家属、遗族、老人互动的经验,呈现了病床边各种角色与人性的挣扎,呈现了社会中,交杂着生死、人伦关系与文化规范的临终画面,提供了与悲伤相处、与失落和解、与死亡对话之道。
517 1  @a放下生命@AFang Xia Sheng Ming
606 0  @a生命哲学@ASheng Ming Zhe Xue
690    @aB083@v5
701  0 @a苏绚慧@ASu Xuan Hui@4著
801  0 @aCN@bTANGWEI@c20160812
905    @b0893786-90@dB083@e58@f5
    
    不是宣告结束,而是以另一种形式存在:放下生命/苏绚慧著.-南京:译林出版社,2016
    14,186页;22cm
    
    
    ISBN 978-7-5447-6297-7:CNY32.00
    本书收录了21篇故事,记录了作者与病人、家属、遗族、老人互动的经验,呈现了病床边各种角色与人性的挣扎,呈现了社会中,交杂着生死、人伦关系与文化规范的临终画面,提供了与悲伤相处、与失落和解、与死亡对话之道。
●
相关链接 在E读中查询图书 在五车中查询图书 在当当中查询图书 在豆瓣中查询图书


正题名:不是宣告结束,而是以另一种形式存在     索取号:B083/58         预约/预借

序号 登录号 条形码 馆藏地/架位号 状态 备注
1 0893786   208937864   第一样本阅览室/ [索取号:B083/58] 在馆    
2 0893787   208937873   第一借阅区/ [索取号:B083/58] 在馆    
3 0893788   208937882   第一借阅区/ [索取号:B083/58] 在馆    
4 0893789   208937891   第一借阅区/ [索取号:B083/58] 在馆    
5 0893790   208937908   第一借阅区/ [索取号:B083/58] 在馆    
唐山师范学院图书馆 欢迎您!
大连网信软件有限公司© 版权所有